<?xml version="1.0" encoding="UTF-8"?>
<collection xmlns="http://www.loc.gov/MARC21/slim">
 <record>
  <leader>03822cam a2200661Ii 4500</leader>
  <controlfield tag="001">000226891</controlfield>
  <controlfield tag="003">OCoLC</controlfield>
  <controlfield tag="005">20220105164803.0</controlfield>
  <controlfield tag="005">20201211034742.3</controlfield>
  <controlfield tag="006">m        d</controlfield>
  <controlfield tag="007">cr unu||||||||</controlfield>
  <controlfield tag="008">201006s2020    mau     ob    001 0 eng d</controlfield>
  <datafield tag="STA" ind1=" " ind2=" ">
   <subfield code="a">NEZPRACOVANÝ IMPORT</subfield>
  </datafield>
  <datafield tag="020" ind1=" " ind2=" ">
   <subfield code="z">9781633698741</subfield>
  </datafield>
  <datafield tag="020" ind1=" " ind2=" ">
   <subfield code="a">9781633698758</subfield>
  </datafield>
  <datafield tag="020" ind1=" " ind2=" ">
   <subfield code="a">1633698750</subfield>
  </datafield>
  <datafield tag="020" ind1=" " ind2=" ">
   <subfield code="z">1633698742</subfield>
  </datafield>
  <datafield tag="035" ind1=" " ind2=" ">
   <subfield code="a">2194925</subfield>
   <subfield code="b">(N$T)</subfield>
  </datafield>
  <datafield tag="035" ind1=" " ind2=" ">
   <subfield code="a">(OCoLC)1199010507</subfield>
   <subfield code="z">(OCoLC)1156344502</subfield>
   <subfield code="z">(OCoLC)1157085235</subfield>
   <subfield code="z">(OCoLC)1162866097</subfield>
   <subfield code="z">(OCoLC)1178291544</subfield>
   <subfield code="z">(OCoLC)1191760494</subfield>
  </datafield>
  <datafield tag="037" ind1=" " ind2=" ">
   <subfield code="a">CL0501000150</subfield>
   <subfield code="b">Safari Books Online</subfield>
  </datafield>
  <datafield tag="050" ind1=" " ind2="4">
   <subfield code="a">BF441</subfield>
  </datafield>
  <datafield tag="082" ind1="0" ind2="4">
   <subfield code="a">153.4/2</subfield>
   <subfield code="2">23</subfield>
  </datafield>
  <datafield tag="100" ind1="1" ind2=" ">
   <subfield code="a">Badaracco, Joseph,</subfield>
   <subfield code="c">Jr.,</subfield>
   <subfield code="e">author.</subfield>
  </datafield>
  <datafield tag="245" ind1="1" ind2="0">
   <subfield code="a">Step back :</subfield>
   <subfield code="b">how to bring the art of reflection into your busy life /</subfield>
   <subfield code="c">Joseph L. Badaracco.</subfield>
  </datafield>
  <datafield tag="264" ind1=" " ind2="1">
   <subfield code="a">Boston, Massachusetts :</subfield>
   <subfield code="b">Harvard Business Review Press,</subfield>
   <subfield code="c">[2020]</subfield>
  </datafield>
  <datafield tag="264" ind1=" " ind2="4">
   <subfield code="c">©2020</subfield>
  </datafield>
  <datafield tag="300" ind1=" " ind2=" ">
   <subfield code="a">1 online resource (1 volume)</subfield>
  </datafield>
  <datafield tag="336" ind1=" " ind2=" ">
   <subfield code="a">text</subfield>
   <subfield code="b">txt</subfield>
   <subfield code="2">rdacontent</subfield>
  </datafield>
  <datafield tag="337" ind1=" " ind2=" ">
   <subfield code="a">computer</subfield>
   <subfield code="b">c</subfield>
   <subfield code="2">rdamedia</subfield>
  </datafield>
  <datafield tag="338" ind1=" " ind2=" ">
   <subfield code="a">online resource</subfield>
   <subfield code="b">cr</subfield>
   <subfield code="2">rdacarrier</subfield>
  </datafield>
  <datafield tag="504" ind1=" " ind2=" ">
   <subfield code="a">Includes bibliographical references and index.</subfield>
  </datafield>
  <datafield tag="505" ind1="0" ind2=" ">
   <subfield code="a">Mosaic reflection -- Aim for good enough -- Downshift occasionally -- Ponder the tough issues -- Pause and measure up.</subfield>
  </datafield>
  <datafield tag="520" ind1=" " ind2=" ">
   <subfield code="a">&quot;Four simple rules for using reflection to find clarity despite the turbulence of work and life. We all wish we had more time to pause and reflect about small decisions and big goals--and everything in between. But since we live and work in a vortex of tasks, meetings, decisions, and serious responsibilities, we rarely get the chance to step back. In this practical guide, best-selling author and Harvard Business School professor Joseph Badaracco argues that you don't need long periods of solitude and tranquility to reflect well. In fact, reflection can take place in the cracks and crevices of your very busy life, and these moments can help you understand your feelings, look at problems from different perspectives, focus on what really matters, and, ultimately, lead a better life. Building on candid interviews with over a hundred executives and professionals, as well as classic works by Marcus Aurelius, Michel de Montaigne, and Ignatius Loyola, Badaracco offers four rules for reflection that you can customize to the demands of your work and your goals for your life. Concise, smart, and pragmatic, Step Back is the guide you need to make reflection a positive force in your work and life&quot;--</subfield>
   <subfield code="c">Provided by publisher.</subfield>
  </datafield>
  <datafield tag="588" ind1=" " ind2=" ">
   <subfield code="a">Description based on online resource; title from title page (viewed October 1, 2020).</subfield>
  </datafield>
  <datafield tag="590" ind1=" " ind2=" ">
   <subfield code="a">OCLC control number change</subfield>
  </datafield>
  <datafield tag="650" ind1=" " ind2="0">
   <subfield code="a">Critical thinking.</subfield>
  </datafield>
  <datafield tag="650" ind1=" " ind2="0">
   <subfield code="a">Well-being.</subfield>
  </datafield>
  <datafield tag="650" ind1=" " ind2="0">
   <subfield code="a">Success in business.</subfield>
  </datafield>
  <datafield tag="650" ind1=" " ind2="7">
   <subfield code="a">Critical thinking.</subfield>
   <subfield code="2">fast</subfield>
   <subfield code="0">(OCoLC)fst00883692</subfield>
  </datafield>
  <datafield tag="650" ind1=" " ind2="7">
   <subfield code="a">Success in business.</subfield>
   <subfield code="2">fast</subfield>
   <subfield code="0">(OCoLC)fst01137062</subfield>
  </datafield>
  <datafield tag="650" ind1=" " ind2="7">
   <subfield code="a">Well-being.</subfield>
   <subfield code="2">fast</subfield>
   <subfield code="0">(OCoLC)fst01402723</subfield>
  </datafield>
  <datafield tag="650" ind1=" " ind2="7">
   <subfield code="a">BUSINESS &amp; ECONOMICS / Decision-Making &amp; Problem Solving.</subfield>
   <subfield code="2">bisacsh</subfield>
  </datafield>
  <datafield tag="655" ind1=" " ind2="7">
   <subfield code="a">elektronické knihy</subfield>
   <subfield code="7">fd186907</subfield>
   <subfield code="2">czenas</subfield>
  </datafield>
  <datafield tag="655" ind1=" " ind2="9">
   <subfield code="a">electronic books</subfield>
   <subfield code="2">eczenas</subfield>
  </datafield>
  <datafield tag="776" ind1="0" ind2="8">
   <subfield code="i">Print version:</subfield>
   <subfield code="z">9781633698741</subfield>
   <subfield code="z">1633698742</subfield>
   <subfield code="w">(DLC)  2020004737</subfield>
   <subfield code="w">(OCoLC)1143832841</subfield>
  </datafield>
  <datafield tag="856" ind1="4" ind2="0">
   <subfield code="3">EBSCOhost</subfield>
   <subfield code="u">https://zdroje.vse.cz/login?url=https://search.ebscohost.com/login.aspx?direct=true&amp;scope=site&amp;db=nlebk&amp;db=nlabk&amp;AN=2194925</subfield>
   <subfield code="y">Plný text</subfield>
  </datafield>
  <datafield tag="BAS" ind1=" " ind2=" ">
   <subfield code="a">HBR</subfield>
  </datafield>
  <datafield tag="BAS" ind1=" " ind2=" ">
   <subfield code="a">EB</subfield>
  </datafield>
  <datafield tag="993" ind1=" " ind2=" ">
   <subfield code="x">NEPOSILAT</subfield>
   <subfield code="y">EB</subfield>
  </datafield>
  <datafield tag="019" ind1=" " ind2=" ">
   <subfield code="a">1156344502</subfield>
   <subfield code="a">1157085235</subfield>
   <subfield code="a">1162866097</subfield>
   <subfield code="a">1178291544</subfield>
   <subfield code="a">1191760494</subfield>
  </datafield>
  <datafield tag="049" ind1=" " ind2=" ">
   <subfield code="a">MAIN</subfield>
  </datafield>
  <datafield tag="938" ind1=" " ind2=" ">
   <subfield code="a">YBP Library Services</subfield>
   <subfield code="b">YANK</subfield>
   <subfield code="n">16789053</subfield>
  </datafield>
  <datafield tag="938" ind1=" " ind2=" ">
   <subfield code="a">EBSCOhost</subfield>
   <subfield code="b">EBSC</subfield>
   <subfield code="n">2194925</subfield>
  </datafield>
  <datafield tag="938" ind1=" " ind2=" ">
   <subfield code="a">Recorded Books, LLC</subfield>
   <subfield code="b">RECE</subfield>
   <subfield code="n">rbeEB00772636</subfield>
  </datafield>
  <datafield tag="938" ind1=" " ind2=" ">
   <subfield code="a">ProQuest Ebook Central</subfield>
   <subfield code="b">EBLB</subfield>
   <subfield code="n">EBL5812744</subfield>
  </datafield>
  <datafield tag="994" ind1=" " ind2=" ">
   <subfield code="a">92</subfield>
   <subfield code="b">N$T</subfield>
  </datafield>
 </record>
</collection>
